[Event "Sherbrooke op-A"]
[Site "Sherbrooke"]
[Date "2004.05.29"]
[Round "2"]
[White "Larochelle, Martial"]
[Black "Liard, Serge"]
[Result "1-0"]
[WhiteElo "2160"]
[BlackElo "1980"]
[PlyCount "77"]
[EventDate "2004.05.??"]
[EventType "swiss"]
[EventRounds "5"]
[EventCountry "CAN"]
[SourceTitle "EXT 2005"]
[Source "ChessBase"]
[SourceDate "2004.11.15"]
[SourceVersion "1"]
[SourceVersionDate "2004.11.15"]
[SourceQuality "1"]

1. g3 e5 2. c4 Nf6 3. Bg2 c6 4. d4 e4 5. Nc3 d5 6. cxd5 cxd5 7. Bg5 Bb4 8. Rc1 Bxc3+ 9. Rxc3 Nbd7 10. e3 Qb6 11. Qc2 0-0 12. Ne2 h6 13. Bf4 Nh5 14. Bc7 Qg6 15. 0-0 f5 16. Qb3 Ndf6 17. Rfc1 Be6 18. Qxb7 Qf7 19. Qb3 g5 20. Bd6 Rfd8 21. Rc7 Bd7 22. Be5 Qe6 23. Qa3 a6 24. Qc5 Ne8 25. Ra7 Rdc8 26. Rxa8 Rxc5 27. Rxc5 Qb6 28. Rb8 Qa7 29. Rd8 Kf7 30. Rc7 Nxc7 31. Rxd7+ Kg8 32. Rxc7 Qb6 33. Nc3 Nf6 34. Bf1 Ng4 35. Nxd5 Qxb2 36. Nf6+ Nxf6 37. Bc4+ Kf8 38. Bxf6 Ke8 39. Be6 1-0

[Event "Quebec-ch qual Estrie"]
[Site "Sherbrooke"]
[Date "2004.05.23"]
[Round "5"]
[White "Liard, Serge"]
[Black "Lanzilotta Mernies, Marcelo"]
[Result "1/2-1/2"]
[WhiteElo "1980"]
[BlackElo "1845"]
[PlyCount "76"]
[EventDate "2004.05.??"]
[EventType "swiss"]
[EventRounds "5"]
[EventCountry "CAN"]
[SourceTitle "EXT 2006"]
[Source "ChessBase"]
[SourceDate "2005.11.24"]
[SourceVersion "1"]
[SourceVersionDate "2005.11.24"]
[SourceQuality "1"]

1. e4 c5 2. Nf3 Nf6 3. e5 Nd5 4. c4 Nc7 5. d4 cxd4 6. Nxd4 Nc6 7. Nxc6 bxc6 8. Bd3 g6 9. 0-0 Bg7 10. Qe2 0-0 11. Nc3 d5 12. exd6 exd6 13. Be4 d5 14. Rd1 Re8 15. Qc2 Qe7 16. Bd3 Bg4 17. f3 Bd4+ 18. Kh1 Qe1+ 19. Bf1 Bf5 20. Qd2 Bxc3 21. bxc3 Qxd2 22. Bxd2 Rab8 23. Bf4 Rb7 24. Bxc7 Rxc7 25. cxd5 cxd5 26. Rxd5 Rxc3 27. Rd2 Rec8 28. Kg1 Be6 29. a4 a5 30. Kf2 h5 31. Rd6 Rc2+ 32. Kg3 g5 33. h4 g4 34. Ra3 Bc4 35. Bxc4 R8xc4 36. Rd5 gxf3 37. Rg5+ Kf8 38. gxf3 Rc5 1/2-1/2

[Event "Quebec-ch qual Estrie"]
[Site "Sherbrooke"]
[Date "2004.05.22"]
[Round "4"]
[White "Pilotte, Benoit"]
[Black "Liard, Serge"]
[Result "0-1"]
[WhiteElo "1805"]
[BlackElo "1980"]
[PlyCount "72"]
[EventDate "2004.05.??"]
[EventType "swiss"]
[EventRounds "5"]
[EventCountry "CAN"]
[SourceTitle "EXT 2006"]
[Source "ChessBase"]
[SourceDate "2005.11.24"]
[SourceVersion "1"]
[SourceVersionDate "2005.11.24"]
[SourceQuality "1"]

1. d4 d5 2. Nf3 Nf6 3. g3 Bf5 4. Nh4 Be4 5. f3 Bg6 6. Bg5 Nbd7 7. Nxg6 hxg6 8. Nc3 c6 9. e4 dxe4 10. fxe4 Qa5 11. Qd2 e5 12. d5 Bb4 13. Bg2 Rc8 14. d6 a6 15. a3 Bxc3 16. bxc3 Qa4 17. Bxf6 Nxf6 18. 0-0 Rd8 19. Rxf6 gxf6 20. Rd1 Qxa3 21. d7+ Kf8 22. c4 Qc5+ 23. Kh1 Kg7 24. h4 Qxc4 25. Qd6 Qe6 26. Qc7 Qg4 27. Rd3 Qe2 28. Qd6 Qg4 29. Rf3 Qe6 30. Qd2 Qxd7 31. Qf2 Qd1+ 32. Kh2 Rd2 33. Qe3 Qxc2 34. Rxf6 Rxg2+ 35. Kh3 Rh2+ 36. Kg4 Qe2+ 0-1

[Event "Quebec-ch qual Estrie"]
[Site "Sherbrooke"]
[Date "2004.05.16"]
[Round "3"]
[White "Liard, Serge"]
[Black "Dumoulin, Sylvain"]
[Result "1-0"]
[WhiteElo "1980"]
[BlackElo "1747"]
[PlyCount "133"]
[EventDate "2004.05.??"]
[EventType "swiss"]
[EventRounds "5"]
[EventCountry "CAN"]
[SourceTitle "EXT 2006"]
[Source "ChessBase"]
[SourceDate "2005.11.24"]
[SourceVersion "1"]
[SourceVersionDate "2005.11.24"]
[SourceQuality "1"]

1. Nf3 e6 2. e4 d5 3. exd5 exd5 4. d4 Bf5 5. Bd3 Bxd3 6. Qxd3 Bd6 7. 0-0 Nd7 8. Re1+ Ne7 9. Bg5 0-0 10. Na3 c6 11. c4 f6 12. c5 fxg5 13. cxd6 Ng6 14. Qd2 Rxf3 15. gxf3 Nf4 16. Nc2 Nb6 17. Ne3 Qd7 18. Ng2 Nc4 19. Qc3 Qxd6 20. Nxf4 Qxf4 21. b3 Nd6 22. Qe3 Rf8 23. Qxf4 Rxf4 24. Rad1 Kf7 25. Rd3 Nf5 26. Red1 Nh4 27. b4 Nxf3+ 28. Kg2 Nh4+ 29. Kf1 Nf5 30. h3 a6 31. a4 Nd6 32. R1d2 h5 33. Rc2 Nf5 34. Rcd2 Nd6 35. Ke1 g4 36. hxg4 Rxg4 37. Rf3+ Ke7 38. Rg3 Rh4 39. Re2+ Ne4 40. Rxg7+ Kf6 41. Rg1 Nc3 42. Re3 Rxd4 43. Rf3+ Ke5 44. Rg5+ Ke4 45. Rxc3 Rxb4 46. Rxh5 d4 47. Rh4+ Kd5 48. Ra3 c5 49. Rh5+ Kc4 50. Ra1 b6 51. a5 bxa5 52. Rc1+ Kb3 53. Rhxc5 a4 54. Rb1+ Ka3 55. Rxb4 Kxb4 56. Rc6 a5 57. Kd2 a3 58. Rb6+ Kc4 59. f4 a2 60. Rc6+ Kb3 61. Rc1 Kb2 62. f5 a1Q 63. Rxa1 Kxa1 64. f6 a4 65. f7 a3 66. f8Q a2 67. Kc1 1-0

[Event "Montreal op 06"]
[Site "Montreal"]
[Date "2002.06.09"]
[Round "4"]
[White "Liard, Serge"]
[Black "Lacroix, Serge"]
[Result "0-1"]
[WhiteElo "1973"]
[BlackElo "2047"]
[PlyCount "94"]
[EventDate "2002.06.07"]
[EventType "swiss"]
[EventRounds "5"]
[EventCountry "CAN"]
[SourceTitle "EXT 2009"]
[Source "ChessBase"]
[SourceDate "2008.11.26"]
[SourceVersion "1"]
[SourceVersionDate "2008.11.26"]
[SourceQuality "1"]

1. e4 e5 2. Nf3 Nc6 3. Bb5 a6 4. Bxc6 dxc6 5. 0-0 f6 6. h3 c5 7. d3 Be6 8. Nc3 Ne7 9. Be3 Nc6 10. Rc1 Qd7 11. b3 g5 12. Nh2 h5 13. Qf3 Be7 14. Nd5 Bxd5 15. exd5 Nd4 16. Bxd4 cxd4 17. d6 Qxd6 18. Qxb7 Kf7 19. Nf3 c6 20. c4 Rhb8 21. c5 Qe6 22. Qc7 Rc8 23. Qa5 g4 24. Nd2 gxh3 25. g3 h4 26. Kh2 f5 27. Qa4 Qd5 28. Qc4 Bg5 29. Rc2 Kf6 30. Qxd5 cxd5 31. Nf3 hxg3+ 32. fxg3 Be3 33. Nh4 f4 34. gxf4 Bxf4+ 35. Kxh3 Rg8 36. Rg2 Rxg2 37. Rxf4+ exf4 38. Kxg2 Re8 39. Kf2 Re3 40. Nf3 Rxd3 41. b4 Ra3 42. Nxd4 Rxa2+ 43. Kf3 Rb2 44. Nc6 Kg5 45. Ne7 Rb3+ 46. Kf2 Rxb4 47. c6 Rc4 0-1

[Event "Charny Bonne annee"]
[Site "Charny"]
[Date "1987.01.11"]
[Round "4"]
[White "Liard, Serge"]
[Black "Turcot, Jean"]
[Result "1-0"]
[WhiteElo "1821"]
[BlackElo "1605"]
[PlyCount "109"]
[EventDate "1987.01.09"]
[EventType "swiss"]
[EventRounds "5"]
[EventCountry "CAN"]
[SourceTitle "EXT 2022"]
[Source "ChessBase"]
[SourceDate "2021.10.06"]
[SourceVersion "1"]
[SourceVersionDate "2021.10.06"]
[SourceQuality "1"]

1. e4 c6 2. d4 d5 3. Nc3 dxe4 4. Nxe4 Nf6 5. Nxf6+ exf6 6. Nf3 Bd6 7. Bd3 Bg4 8. h3 Bh5 9. Qe2+ Qe7 10. Qxe7+ Kxe7 11. Be3 Bg6 12. 0-0-0 Nd7 13. Rhe1 Kd8 14. Bxg6 hxg6 15. Nd2 Nb6 16. Ne4 Kd7 17. Nxd6 Kxd6 18. b3 Rad8 19. c4 Kd7 20. d5 Nc8 21. b4 b6 22. Kc2 Rhe8 23. d6 Re5 24. c5 g5 25. Bd4 Re6 26. Rxe6 fxe6 27. Rd3 e5 28. Bb2 Ke6 29. Kb3 Rd7 30. Kc4 b5+ 31. Kb3 Kf7 32. Rf3 e4 33. Re3 f5 34. f3 exf3 35. Rxf3 g6 36. g4 Ke6 37. Re3+ Kf7 38. gxf5 gxf5 39. Re5 Kg6 40. Re8 Nxd6 41. Re6+ Kf7 42. Rf6+ Ke7 43. cxd6+ Rxd6 44. Rxd6 Kxd6 45. Bf6 g4 46. hxg4 fxg4 47. Bd4 g3 48. Bxa7 g2 49. Kc3 Ke5 50. Kd3 Kd5 51. Be3 Ke6 52. Ke4 Kd6 53. Bg1 Ke6 54. Kd4 Kd6 55. Bh2+ 1-0